00364 a2200121 45000010005000001000012000052450062000172600022000790900015001019420023001169990019001399520084001587105 aShahane aSolution of university problems in electrical engineering abAllies, Poonac c5875d5875 aNUST-CAEcMc32350 c242178d242178 001040708NFICaCAEbCAEd2017-04-03l0pCAE15191r2017-04-05w2017-04-05yBK